Организационно-технологическая документация ГПНТБ СО РАН. Сохранность фондов; Положение о сохранности библиотечных фондов ГПНТБ СО РАН; Положение о комиссии по сохранности библиотечных фондов ГПНТБ СО РАН; Правила по обеспечению сохранности основых фондов ГПНТБ СО РАН; Инструкция по обеспечению сохранности подсобных фондов читальных залов ЦКО:ОЧ; Инструкция по исключению изданий из фондов ГПНТБ СО РАН; Памятка по проведению вторичного отбора в ЦКО:ХФ; Инструкция по документальной проверке библиотечных фондов ГПНТБ СО РАН; Инструкция по перераспределению изданий основных фондов ГПНТБ СО РАН; Инструкция о выдаче изданий "на ответственного" и возврате их в ЦКО:ХФ; Инструкция по взаиморасчету ЦКО:ХФ с подразделениями ГПНТБ СО РАН; Инструкция по работе с задолженностью в ЦКО:ХФ; Инструкция по подготовке изданий к переплету; Инструкция по работе с фондом микрокопированных изданий
| Institution som forfatter: | |
|---|---|
| Sprog: | russisk |
| Udgivet: |
Новосибирск, ГПНТБ СО РАН, 2003
|
| Udgivelse: | 2-е изд., перераб. и доп. |
| TOC: | Положение о сохранности библиотечных фондов ГПНТБ СО РАН; Положение о комиссии по сохранности библиотечных фондов ГПНТБ СО РАН; Правила по обеспечению сохранности основых фондов ГПНТБ СО РАН; Инструкция по обеспечению сохранности подсобных фондов читальных залов ЦКО:ОЧ; Инструкция по исключению изданий из фондов ГПНТБ СО РАН; Памятка по проведению вторичного отбора в ЦКО:ХФ; Инструкция по документальной проверке библиотечных фондов ГПНТБ СО РАН; Инструкция по перераспределению изданий основных фондов ГПНТБ СО РАН; Инструкция о выдаче изданий "на ответственного" и возврате их в ЦКО:ХФ; Инструкция по взаиморасчету ЦКО:ХФ с подразделениями ГПНТБ СО РАН; Инструкция по работе с задолженностью в ЦКО:ХФ; Инструкция по подготовке изданий к переплету; Инструкция по работе с фондом микрокопированных изданий; |
| Fag: | |
| Format: | MixedMaterials Bog |
| KOHA link: | https://koha.lib.tpu.ru/cgi-bin/koha/opac-detail.pl?biblionumber=67614 |
MARC
| LEADER | 00000nam0a2200000 4500 | ||
|---|---|---|---|
| 001 | 67614 | ||
| 005 | 20231031073706.0 | ||
| 035 | |a (RuTPU)RU\TPU\book\71994 | ||
| 090 | |a 67614 | ||
| 100 | |a 20040917d2003 m y0rusy50 ca | ||
| 101 | 0 | |a rus | |
| 102 | |a RU | ||
| 105 | |a y z 000zy | ||
| 200 | 1 | |a Организационно-технологическая документация ГПНТБ СО РАН. Сохранность фондов |f Сибирское отделение РАН; Государственная публичная научно-техническая библиотека | |
| 205 | |a 2-е изд., перераб. и доп. | ||
| 210 | |a Новосибирск |c ГПНТБ СО РАН |d 2003 | ||
| 215 | |a 63 с. | ||
| 464 | |t Положение о сохранности библиотечных фондов ГПНТБ СО РАН | ||
| 464 | |t Положение о комиссии по сохранности библиотечных фондов ГПНТБ СО РАН | ||
| 464 | |t Правила по обеспечению сохранности основых фондов ГПНТБ СО РАН | ||
| 464 | |t Инструкция по обеспечению сохранности подсобных фондов читальных залов ЦКО:ОЧ | ||
| 464 | |t Инструкция по исключению изданий из фондов ГПНТБ СО РАН | ||
| 464 | |t Памятка по проведению вторичного отбора в ЦКО:ХФ | ||
| 464 | |t Инструкция по документальной проверке библиотечных фондов ГПНТБ СО РАН | ||
| 464 | |t Инструкция по перераспределению изданий основных фондов ГПНТБ СО РАН | ||
| 464 | |t Инструкция о выдаче изданий "на ответственного" и возврате их в ЦКО:ХФ | ||
| 464 | |t Инструкция по взаиморасчету ЦКО:ХФ с подразделениями ГПНТБ СО РАН | ||
| 464 | |t Инструкция по работе с задолженностью в ЦКО:ХФ | ||
| 464 | |t Инструкция по подготовке изданий к переплету | ||
| 464 | |t Инструкция по работе с фондом микрокопированных изданий | ||
| 610 | 1 | |a библиотеки | |
| 610 | 1 | |a библиотековедение | |
| 610 | 1 | |a библиотечное дело | |
| 610 | 1 | |a библиотечные фонды | |
| 610 | 1 | |a сохранность | |
| 610 | 1 | |a документация | |
| 610 | 1 | |a документированные процедуры | |
| 610 | 1 | |a инструкции | |
| 610 | 1 | |a правила | |
| 610 | 1 | |a памятки | |
| 610 | 1 | |a ГПНТБ СО РАН | |
| 686 | |a Ч736.16 |v LBC/SL-A |2 rubbk | ||
| 712 | 0 | 2 | |a Российская академия наук (РАН) |b Сибирское отделение (СО) |b Государственная публичная научно-техническая библиотека (ГПНТБ) |c (Новосибирск) |2 stltpush |3 (RuTPU)RU\TPU\col\25 |
| 801 | 1 | |a RU |b 63413507 |c 20040917 |g PSBO | |
| 801 | 2 | |a RU |b 63413507 |c 20220714 |g PSBO | |
| 942 | |c BK | ||